000 00673nam a2200193Ia 4500
003 GCL
008 140319s9999 xx 000 0 ara d
040 _aGCL /
_cGCL
082 0 4 _a809.362
_bح ر
100 1 _aحلمى بدير
245 1 0 _aروايات من مصر : تجارب فى النقد التطبيقى /
_cحلمى بدير
300 _a117 ص
490 _aالهيئة العامة للاستعلامات
_v0
650 0 4 _aالادب العربى
650 0 4 _aالادب العربى - تاريخ ونقد
650 0 4 _aالقصص - تاريخ ونقد - مصر
650 0 4 _aالادب العربى - مصر - تاريخ ونقد
942 _2ddc
_cBK
999 _c48874
_d48874